IT security metrics : (رقم التسجيلة. 26516)

تفاصيل مارك
000 -الفاتح
حقل البيانات ثابتة الطول 01297cam a2200337 a 4500
001 - رقم الضبط
رقم الضبط 16261345
003 - محدد رقم الضبط
رقم الضبط OSt
005 - وقت وتاريخ اخر تعامل مع التسجيلة
رقم الضبط 20150408114105.0
008 - عناصر البيانات ثابتة الطول - معلومات عامة
حقل البيانات ثابتة الطول 100601s2010 nyua b 001 0 eng
010 ## - رقم ضبط مكتبة الكونجرس
رقم ضبط مكتبة الكونجرس 2010020201
015 ## - رقم الببليوجرافية الوطنية
رقم الببليوجرافية الوطنية GBB077785
المصدر bnb
016 7# - رقم ضبط الوكاله الوطنية للضبط الببليوجرافي
رقم ضبط التسجيلة 015588545
المصدر Uk
020 ## - الرقم الدولى المعيارى للكتب
الرقم الدولى المعيارى للكتاب 9780071713405 (alk. paper)
020 ## - الرقم الدولى المعيارى للكتب
الرقم الدولى المعيارى للكتاب 0071713409 (alk. paper)
035 ## - رقم ضبط النظام
رقم ضبط النظام (OCoLC)ocn606789513
040 ## - مصدر الفهرسة
وكالة الفهرسة الأصلية DLC
وكالة النسخ DLC
وكالة التعديل YDX
-- BTCTA
-- UKM
-- YDXCP
-- SINLB
-- DLC
050 00 - رقم طلب مكتبة الكونجرس
رقم التصنيف QA76.9.A25
رقم المادة H392 2010
082 00 - رقم تصنيف ديوى العشرى
رقم التصنيف 005.8
رقم الطبعة 22
رقم المادة HLI
100 1# - المدخل الرئيسى - إسم شخصى
الإسم الشخصى Hayden, Lance.
9 (RLIN) 18603
245 10 - بيان العنوان
العنوان IT security metrics :
بقية العنوان a practical framework for measuring security & protecting data /
بيان المسئوليه,etc Lance Hayden.
260 ## - PUBLICATION, DISTRIBUTION, ETC. (IMPRINT)
مكان الناشر او الموزع New York :
اسم الناشر او الموزع McGraw Hill,
تاريخ النشر أو التوزيع c2010.
300 ## - الوصف المادى
التعداد xxvii, 368 p. :
تفاصيل ماديه اخرى للوعاء ill. ;
أبعاد الوعاء 24 cm.
504 ## - تبصرة ببليوجرافية
تبصرة ببليوجرافية,الخ Includes bibliographical references and index.
650 #0 - المدخل الاضافى بالموضوع-مصطلح موضوعى
مصطلح موضوعي أو اسم جغرافي كعنصر مدخل Information technology
التقسيم الفرعي العام Security measures
-- Evaluation.
9 (RLIN) 18604
650 #0 - المدخل الاضافى بالموضوع-مصطلح موضوعى
مصطلح موضوعي أو اسم جغرافي كعنصر مدخل Data protection
التقسيم الفرعي العام Evaluation.
9 (RLIN) 18605
650 #0 - المدخل الاضافى بالموضوع-مصطلح موضوعى
مصطلح موضوعي أو اسم جغرافي كعنصر مدخل Computer security
التقسيم الفرعي العام Evaluation.
9 (RLIN) 18606
650 #0 - المدخل الاضافى بالموضوع-مصطلح موضوعى
مصطلح موضوعي أو اسم جغرافي كعنصر مدخل Computer crimes
التقسيم الفرعي العام Prevention
-- Measurement.
9 (RLIN) 18607
906 ## - عنصر بيانات محلى F, LDF (RLIN)
a 7
b cbc
c orignew
d 1
e ecip
f 20
g y-gencatlg
942 ## - عناصر المدخل الإضافي( كوها)
مصدر التصنيف او مخطط الترفيف Dewey Decimal Classification
Koha [default] item type DVD
المقتنيات
حالة الفقد نموذج السعر الفعال حالة تلف ليس للاعارة رقم الطلب تاريخ الاكتساب الموقع الحالي الباركود الفرع الرئيسي Date last seen نوع المادة فى نظام كوها مصدر التصنيف او خطة الترفيف Total Checkouts Date last checked out
  2013-03-10     005.8 HLI 2012-12-26 المكتبة المركزية بالمجمعة (CL) 00400668 المكتبة المركزية بالمجمعة (CL) 2013-03-10 كتاب Dewey Decimal Classification    
  2013-03-10     005.8 HLI 2012-12-27 المكتبة المركزية بالمجمعة (CL) 00400667 المكتبة المركزية بالمجمعة (CL) 2013-03-10 كتاب Dewey Decimal Classification    
  2013-03-10     005.8 HLI 2012-12-27 المكتبة المركزية بالمجمعة (CL) 00400666 المكتبة المركزية بالمجمعة (CL) 2016-01-07 كتاب Dewey Decimal Classification 1 2015-10-26